Music Quiz

Random Music or Song Quiz

Song Title Overlaps VI Quiz Stats

 Plays Quiz Updated Sep 2, 2019

Score 0/24 Timer 04:00
7 Plays Today
Song Title 1 Overlapping Word % Correct
Mr. Know It...All
94%
Hit 'Em Up Style (...Oops
93.3%
Green...Light
93.1%
Fortunate...Son
93.1%
Save the Best for...Last
92.4%
Proud...Mary
90.7%
Papa Was a Rollin’...Stone
89.8%
Show Me...Heaven
89.5%
Bad, Bad Leroy...Brown
88.3%
Wouldn’t It Be...Nice
84.8%
Because I Got...High
83.7%
Jesus, Take the...Wheel
80.9%
Song Title 1 Overlapping Word % Correct
Shadow...Dancing
77.2%
Pride and...Joy
74.6%
People Get...Ready
67.1%
One More...Try
66.3%
Lights Down...Low
64.2%
Everybody...Hurts
60.4%
Cake by the...Ocean
57.5%
Thank U,...Next
48.3%
Just What I...Needed
39.9%
Right Here...Waiting
30.8%
I Like Me...Better
20.9%
Slow...Hands
16%

You're not logged in!

Compare scores with friends on all Sporcle quizzes.
OR
Log In

Sporcle TV

Today on Sporcle TV


Watch our educational content, quiz creation guides, and fun videos on Sporcle TV.

Show Comments

Extras

Top Quizzes Today


Score Distribution

Your Account Isn't Verified!

In order to create a playlist on Sporcle, you need to verify the email address you used during registration. Go to your Sporcle Settings to finish the process.

Report this User

Report this user for behavior that violates our Community Guidelines.

Details: